000 00611nam a2200169 i 4500
001 90556
003 ES-MaACL
005 20230906180459.0
007 t|
008 050121s1909 sp ||||1| spa d
100 1 _aLeguina, Enrique de.
_971312
245 1 0 _aEsmaltes españoles
_b: los frontales de Orense, San Miguel "in Excelsis" Silos y Burgos /
_capuntes reunidos por Enrique de Leguina, Barón de la Vega de Hoz.
260 _aMadrid :
_b[s.n.],
_c1909 (
_fImp. Española)
300 _a253 p. ;
_c15 cm.
650 4 _aEsmaltes medievales-
_zEspaña.
_9152631
852 _aES-MaACL
_jR-3202
_xOlim:G-2924
999 _c90556
_d90556